| 000 | 00616nam a2200205Ia 4500 | ||
|---|---|---|---|
| 003 | GCL | ||
| 008 | 140319s9999 xx 000 0 eng d | ||
| 040 |
_aGCL / _cGCL |
||
| 082 | 0 | 4 |
_a954 _bM I |
| 100 | 1 | _aMINISTRY OF EXTERNAL AFFAIRS | |
| 245 | 1 | 0 |
_aINDIA : _bHITORY AND CIVLISATION-INDIA FACTS-LAND AND ENVIRONMENT-PEOPLE-ART AND CULTURE-ECONOMY-SCIENCE AND TECHNOLOGY / _cMINISTRY OF EXTERNAL AFFAIRS |
| 300 |
_a24 CM ؛ _c6 VOL |
||
| 650 | 0 | 4 | _aENVIRONMENT |
| 650 | 0 | 4 | _aTECHNOLOGY |
| 650 | 0 | 4 | _aINDIA - HISTORY |
| 650 | 0 | 4 | _aINDIA |
| 650 | 0 | 4 | _aTOURISM - INDIA |
| 650 | 0 | 4 | _aINDIA - ARTS |
| 942 |
_2ddc _cBK |
||
| 999 |
_c7725 _d7725 |
||